| 000 | 00399nam a2200181Ia 4500 | ||
|---|---|---|---|
| 005 | 20240823061508.0 | ||
| 008 | 240823s9999||||xx |||||||||||||| ||und|| | ||
| 041 | _aENGLISH | ||
| 082 | _A621.151 Q6 | ||
| 100 | _aGanesaguru S | ||
| 245 | 0 | _aEngineering Geology | |
| 250 | _a2nd | ||
| 260 |
_c2016 _bARS Publica |
||
| 500 | _aYES | ||
| 650 |
_aGeology _bCivil |
||
| 942 | _cBK | ||
| 999 |
_c233667 _d233667 |
||